[Event "Sao Paulo Hebraica op 34th"]
[Site "Sao Paulo"]
[Date "2025.01.31"]
[Round "2"]
[White "Nessim, Albert Elie"]
[Black "Abreu, Guilherme Correa"]
[Result "0-1"]
[WhiteElo "1790"]
[BlackElo "1918"]
[PlyCount "86"]
[EventDate "2025.01.31"]
[EventType "swiss"]
[EventRounds "6"]
[EventCountry "BRA"]
[SourceTitle "CB06_2025"]
[SourceDate "2025.02.05"]
[SourceVersion "1"]
[SourceVersionDate "2025.02.05"]
[SourceQuality "1"]

1. d4 d5 2. c4 e6 3. Nf3 Nf6 4. Bg5 c6 5. e3 Nbd7 6. Nc3 Qa5 7. Qc2 Ne4 8. Bf4 Bb4 9. Rc1 Qxa2 10. Bd3 Nxc3 11. bxc3 Qxc2 12. Rxc2 Be7 13. Kd2 dxc4 14. Bxc4 Nb6 15. Bd3 Nd5 16. Bg3 0-0 17. Ra1 b6 18. Rca2 a5 19. e4 Nf6 20. Bc7 Bd8 21. Bg3 Ba6 22. c4 b5 23. c5 b4 24. Bxa6 Nxe4+ 25. Ke3 Nxg3 26. hxg3 Rxa6 27. Kd3 Bc7 28. Kc4 f6 29. Re2 Kf7 30. Rae1 Re8 31. Nd2 e5 32. Ne4 Rd8 33. Rd2 Rd5 34. dxe5 Rxd2 35. Nxd2 Bxe5 36. Ne4 Ra8 37. Nd6+ Kg6 38. Re2 Rd8 39. Nb7 Rd4+ 40. Kb3 Rd3+ 41. Kc2 Rc3+ 42. Kd2 a4 43. Rxe5 fxe5 0-1

[Event "BRA-ch Amateurs U2300"]
[Site "Sao Paulo"]
[Date "2024.06.01"]
[Round "5"]
[White "Abreu, Guilherme Correa"]
[Black "Barbosa, Rafael Santos"]
[Result "1/2-1/2"]
[WhiteElo "1984"]
[BlackElo "1814"]
[PlyCount "85"]
[EventDate "2024.05.30"]
[EventType "swiss"]
[EventRounds "7"]
[EventCountry "BRA"]
[SourceTitle "CBM 220 Extra"]
[Source "ChessBase"]
[SourceDate "2024.07.31"]
[SourceVersion "1"]
[SourceVersionDate "2024.07.31"]
[SourceQuality "1"]

1. d4 Nf6 2. c4 g6 3. Nc3 d5 4. e3 Bg7 5. Nf3 0-0 6. Be2 c5 7. cxd5 Nxd5 8. 0-0 Nc6 9. Qb3 Nxc3 10. bxc3 b6 11. Rd1 Qc7 12. e4 Na5 13. Qc2 cxd4 14. Nxd4 Rd8 15. Nb5 Rxd1+ 16. Qxd1 Qd7 17. Be3 Qxd1+ 18. Rxd1 Ba6 19. Rd7 Bxb5 20. Bxb5 Bxc3 21. Rxe7 Bf6 22. Rc7 a6 23. Bc6 Nxc6 24. Rxc6 Rd8 25. g3 Bd4 26. Bxd4 Rxd4 27. Rxb6 Ra4 28. Kg2 Rxa2 29. h4 Ra3 30. g4 a5 31. Ra6 a4 32. f3 Ra1 33. h5 Kg7 34. hxg6 hxg6 35. g5 a3 36. Kg3 a2 37. Kf4 Kf8 38. Ra7 Kg7 39. Ke5 Rf1 40. Rxa2 Rxf3 41. Ra5 Rb3 42. Rc5 Rb6 43. Rd5 1/2-1/2

[Event "BRA-ch Amateurs U2300"]
[Site "Sao Paulo"]
[Date "2024.05.30"]
[Round "1"]
[White "De Paiva, Gidilaf Xavier"]
[Black "Abreu, Guilherme Correa"]
[Result "1-0"]
[WhiteElo "1790"]
[BlackElo "1984"]
[PlyCount "85"]
[EventDate "2024.05.30"]
[EventType "swiss"]
[EventRounds "7"]
[EventCountry "BRA"]
[SourceTitle "CBM 220 Extra"]
[Source "ChessBase"]
[SourceDate "2024.07.31"]
[SourceVersion "1"]
[SourceVersionDate "2024.07.31"]
[SourceQuality "1"]

1. d4 d5 2. c4 e6 3. Nf3 c5 4. e3 Nf6 5. Nc3 Nc6 6. Be2 Bd6 7. 0-0 0-0 8. a3 cxd4 9. exd4 h6 10. Re1 a6 11. c5 Bc7 12. Qc2 e5 13. dxe5 Nxe5 14. h3 Qe7 15. Be3 Re8 16. Red1 Nxf3+ 17. Bxf3 Qe5 18. Nxd5 Nxd5 19. Bxd5 Qh2+ 20. Kf1 Bxh3 21. gxh3 Rxe3 22. Qg6 Rf3 23. Qg2 Rxh3 24. Qxh2 Rxh2 25. Bxb7 Rb8 26. c6 Bb6 27. Rac1 Rxf2+ 28. Kg1 a5 29. b4 axb4 30. axb4 Re8 31. Re1 Rd8 32. Rc5 Rb2 33. c7 Bxc7 34. Rxc7 Rxb4 35. Ree7 Rb2 36. Rxf7 Rd1+ 37. Rf1 Rxf1+ 38. Kxf1 Kh7 39. Be4+ Kg8 40. Bg6 Kf8 41. Rf7+ Kg8 42. Re7 Kf8 43. Re8# 1-0

[Event "BRA-ch Amateur U2200"]
[Site "Sao Paulo"]
[Date "2019.06.22"]
[Round "5"]
[White "Andrade, Guilherme A de Sou"]
[Black "Abreu, Guilherme Correa"]
[Result "1-0"]
[WhiteElo "1862"]
[BlackElo "1997"]
[PlyCount "107"]
[EventDate "2019.06.20"]
[EventType "swiss"]
[EventRounds "7"]
[EventCountry "BRA"]
[SourceTitle "EXT 2020"]
[Source "ChessBase"]
[SourceDate "2019.10.17"]
[SourceVersion "1"]
[SourceVersionDate "2019.10.17"]
[SourceQuality "1"]

1. d4 Nf6 2. Bf4 g6 3. e3 Bg7 4. Nf3 0-0 5. Be2 d6 6. h3 Nbd7 7. 0-0 Nh5 8. Bh2 Qe8 9. Re1 e5 10. c4 f5 11. Nc3 c6 12. c5 e4 13. Nd2 dxc5 14. dxc5 Be5 15. Bxe5 Nxe5 16. Nc4 Nxc4 17. Bxc4+ Be6 18. Be2 Rd8 19. Qc2 Nf6 20. Red1 Qf7 21. Qa4 a6 22. Qb4 Qc7 23. b3 a5 24. Qa3 Nd7 25. Rd6 Bf7 26. Rad1 Ne5 27. Na4 Bd5 28. Rxd8 Rxd8 29. Nb6 a4 30. Qxa4 Qe7 31. Qd4 g5 32. Bc4 Nf7 33. Nxd5 cxd5 34. Bb5 f4 35. Be2 Ne5 36. exf4 gxf4 37. f3 exf3 38. Bxf3 Qg5 39. Bxd5+ Kf8 40. Kh1 f3 41. Qf2 Qh5 42. Bxf3 Rxd1+ 43. Bxd1+ Qf7 44. Qxf7+ Kxf7 45. Bf3 Nd3 46. Bxb7 Nxc5 47. Bd5+ Kf6 48. a4 Ke5 49. Bc4 Kd4 50. g4 Ne4 51. Kg2 h6 52. a5 Kc5 53. h4 Nd6 54. Kf3 1-0

[Event "BRA-ch Amateur U2200"]
[Site "Sao Paulo"]
[Date "2019.06.21"]
[Round "3"]
[White "Costa, Henrique de Jesus"]
[Black "Abreu, Guilherme Correa"]
[Result "1-0"]
[WhiteElo "1800"]
[BlackElo "1997"]
[PlyCount "126"]
[EventDate "2019.06.20"]
[EventType "swiss"]
[EventRounds "7"]
[EventCountry "BRA"]
[SourceTitle "EXT 2020"]
[Source "ChessBase"]
[SourceDate "2019.10.17"]
[SourceVersion "1"]
[SourceVersionDate "2019.10.17"]
[SourceQuality "1"]

1. d4 d5 2. Bf4 Nf6 3. e3 Bf5 4. c3 c6 5. Qb3 Qb6 6. Nd2 Nbd7 7. c4 e6 8. c5 Qxb3 9. axb3 Be7 10. Be2 0-0 11. b4 Rfe8 12. h3 h6 13. Ngf3 Bf8 14. Nb3 b6 15. Ba6 Bc2 16. Nbd2 e5 17. Nxe5 Nxe5 18. Bxe5 bxc5 19. bxc5 Re7 20. 0-0 Nd7 21. Bb7 Rae8 22. Bxc6 Nxe5 23. Bxe8 Rxe8 24. dxe5 Bd3 25. Rfc1 a6 26. c6 Rc8 27. c7 f6 28. exf6 gxf6 29. Rc3 Bb5 30. Nf3 Bb4 31. Rb3 a5 32. Rxb4 axb4 33. Nd4 Bd7 34. Ra5 Rxc7 35. Rxd5 Kf7 36. Kh2 Kg6 37. g4 Bc8 38. Rb5 Rb7 39. Rxb7 Bxb7 40. Kg3 h5 41. Kf4 hxg4 42. hxg4 Bd5 43. e4 Bc4 44. Nc6 b3 45. e5 Bb5 46. Ne7+ Kf7 47. exf6 Kxf6 48. Nd5+ Kg6 49. Kg3 Bc4 50. Ne3 Bd3 51. f4 Kf6 52. Kf2 Ke6 53. Ke1 Kd6 54. Kd2 Bg6 55. Kc3 Bf7 56. Kd4 Be6 57. f5 Bf7 58. g5 Ke7 59. Ke5 Bh5 60. Nd5+ Kf7 61. Nf4 Bf3 62. g6+ Kf8 63. f6 Kg8 1-0

[Event "Mineiro-ch"]
[Site "Belo Horizonte"]
[Date "2018.09.15"]
[Round "2"]
[White "Abreu, Guilherme Correa"]
[Black "Mendes Domingues, Ribeiro Matheus"]
[Result "0-1"]
[WhiteElo "2032"]
[BlackElo "1759"]
[PlyCount "60"]
[EventDate "2018.09.14"]
[EventType "swiss"]
[EventRounds "5"]
[EventCountry "BRA"]
[SourceTitle "CBM 187 Extra"]
[Source "ChessBase"]
[SourceDate "2018.11.04"]
[SourceVersion "1"]
[SourceVersionDate "2018.11.04"]
[SourceQuality "1"]

1. d4 d5 2. Nf3 e6 3. c4 c6 4. e3 f5 5. Nc3 Nf6 6. Bd3 Bd6 7. 0-0 0-0 8. Ne5 Bxe5 9. dxe5 Ng4 10. f4 d4 11. h3 Nxe3 12. Bxe3 dxe3 13. Qe2 Qb6 14. Na4 Qb4 15. b3 Rd8 16. Qxe3 Na6 17. c5 Nc7 18. Bc4 Nd5 19. Bxd5 cxd5 20. Qc3 Qxc3 21. Nxc3 Bd7 22. Rfc1 Bc6 23. Ne2 d4 24. Rd1 d3 25. Nc3 Rd4 26. g3 d2 27. Kf2 Rd3 28. Ne2 Rad8 29. Rab1 Rf3+ 30. Kg1 Bb5 0-1

[Event "Mineiro-ch"]
[Site "Belo Horizonte"]
[Date "2017.10.08"]
[Round "5"]
[White "Abreu, Guilherme Correa"]
[Black "De Oliveira, Andre Luis Carneiro"]
[Result "1-0"]
[WhiteElo "2051"]
[BlackElo "1830"]
[PlyCount "107"]
[EventDate "2017.10.07"]
[EventType "swiss"]
[EventRounds "5"]
[EventCountry "BRA"]
[SourceTitle "CBM 181 Extra"]
[Source "ChessBase"]
[SourceDate "2017.12.12"]
[SourceVersion "1"]
[SourceVersionDate "2017.12.12"]
[SourceQuality "1"]

1. d4 Nf6 2. Nf3 g6 3. c4 Bg7 4. Nc3 d5 5. e3 0-0 6. Be2 c5 7. 0-0 dxc4 8. Bxc4 Nc6 9. d5 Na5 10. Be2 e6 11. e4 exd5 12. exd5 b6 13. Bf4 Bb7 14. Qd2 Nxd5 15. Be5 Bxe5 16. Nxe5 Nxc3 17. Qxc3 Re8 18. Bb5 Qd5 19. Nf3 Nc6 20. Rad1 Nd4 21. Bxe8 Ne2+ 22. Kh1 Qxd1 23. Rxd1 Nxc3 24. Bxf7+ Kxf7 25. Rd7+ Ke6 26. Rxb7 Nxa2 27. Rxh7 b5 28. g3 b4 29. Rg7 c4 30. Rxg6+ Kd5 31. Ra6 b3 32. Kg2 Nb4 33. Ra5+ Kc6 34. Ne5+ Kc7 35. Nxc4 Nc6 36. Rc5 Rb8 37. h4 Kd7 38. Ne5+ Kd6 39. Rxc6+ Kxe5 40. Ra6 Rb7 41. Kf3 Kd4 42. Ke2 Rc7 43. Ra4+ Kc5 44. Ke3 Kb5 45. Ra1 a5 46. h5 Kb4 47. g4 a4 48. h6 Ra7 49. g5 a3 50. Rxa3 Rxa3 51. bxa3+ Kxa3 52. h7 b2 53. h8Q b1Q 54. Qa8+ 1-0

[Event "Mineiro-ch"]
[Site "Belo Horizonte"]
[Date "2017.10.07"]
[Round "2"]
[White "Abreu, Guilherme Correa"]
[Black "Pacheco, Warley de Souza"]
[Result "1-0"]
[WhiteElo "2051"]
[BlackElo "1847"]
[PlyCount "81"]
[EventDate "2017.10.07"]
[EventType "swiss"]
[EventRounds "5"]
[EventCountry "BRA"]
[SourceTitle "CBM 181 Extra"]
[Source "ChessBase"]
[SourceDate "2017.12.12"]
[SourceVersion "1"]
[SourceVersionDate "2017.12.12"]
[SourceQuality "1"]

1. d4 Nf6 2. Nf3 g6 3. c4 Bg7 4. Nc3 0-0 5. e4 d6 6. Be2 Nbd7 7. 0-0 e5 8. Rb1 exd4 9. Nxd4 Nc5 10. f3 Ne6 11. Be3 Nh5 12. Nxe6 fxe6 13. Qd2 Be5 14. f4 Bg7 15. Rbd1 Qe7 16. g4 Nf6 17. g5 Nd7 18. Bf3 Nb6 19. b3 e5 20. f5 gxf5 21. exf5 Rxf5 22. Qg2 c6 23. Be4 Rxf1+ 24. Rxf1 Be6 25. Qc2 Bh8 26. Qg2 Rf8 27. Rf6 Bg7 28. Rxf8+ Qxf8 29. g6 hxg6 30. Qxg6 Qf7 31. Qh7+ Kf8 32. Qh4 Bf6 33. Bh6+ Ke7 34. Qg3 Qh5 35. Be3 d5 36. Bxb6 dxe4 37. Bxa7 Bf5 38. Be3 b5 39. cxb5 cxb5 40. Nd5+ Kf7 41. Qg8+ 1-0

[Event "Mineiro-ch"]
[Site "Belo Horizonte"]
[Date "2015.09.05"]
[Round "2"]
[White "Abreu, Guilherme Correa"]
[Black "Bueno, Jonas Alves"]
[Result "1-0"]
[WhiteElo "2083"]
[BlackElo "1762"]
[PlyCount "121"]
[EventDate "2015.09.04"]
[EventType "swiss"]
[EventRounds "5"]
[EventCountry "BRA"]
[SourceTitle "EXT 2016"]
[Source "ChessBase"]
[SourceDate "2015.10.08"]
[SourceVersion "1"]
[SourceVersionDate "2015.10.08"]
[SourceQuality "1"]

1. d4 Nf6 2. c4 g6 3. Nc3 Bg7 4. e4 d6 5. Nf3 0-0 6. Be2 e5 7. dxe5 dxe5 8. Qxd8 Rxd8 9. Bg5 c6 10. 0-0 Bg4 11. Nxe5 Bxe2 12. Nxe2 Re8 13. Bxf6 Bxf6 14. Ng4 Bg7 15. Rfd1 f5 16. exf5 Rxe2 17. f6 Bxf6 18. Nxf6+ Kg7 19. Ng4 h5 20. Ne3 b5 21. Rab1 Na6 22. Kf1 Rxe3 23. fxe3 bxc4 24. Rd7+ Kh6 25. Rd4 Nb4 26. Rxc4 Rb8 27. a3 Nd5 28. Rxc6 Nxe3+ 29. Kg1 Rd8 30. Re6 Nc4 31. Re4 Nd2 32. Rd1 Nf3+ 33. gxf3 Rxd1+ 34. Kf2 Kg5 35. h4+ Kf5 36. b4 Ra1 37. Re3 Ra2+ 38. Kg3 a6 39. Rc3 Ra1 40. Rc5+ Ke6 41. Ra5 Rg1+ 42. Kf4 Rh1 43. Rxa6+ Kf7 44. Kg3 Rg1+ 45. Kh2 Rb1 46. Kg3 Rg1+ 47. Kf4 Rh1 48. b5 Rxh4+ 49. Ke5 Rh1 50. Ra7+ Ke8 51. a4 Rb1 52. Ke6 Kd8 53. Kd6 Kc8 54. Kc6 Rc1+ 55. Kb6 Rd1 56. Ra8+ Kd7 57. Rg8 Rd6+ 58. Kb7 Ke7 59. b6 Rd7+ 60. Ka6 Rd6 61. Ka7 1-0

[Event "Mineiro-ch"]
[Site "Belo Horizonte"]
[Date "2015.09.05"]
[Round "3"]
[White "Abreu, Guilherme Correa"]
[Black "Crespo de Oliveira, Lucas"]
[Result "0-1"]
[WhiteElo "2083"]
[BlackElo "2171"]
[PlyCount "90"]
[EventDate "2015.09.04"]
[EventType "swiss"]
[EventRounds "5"]
[EventCountry "BRA"]
[SourceTitle "EXT 2016"]
[Source "ChessBase"]
[SourceDate "2015.10.08"]
[SourceVersion "1"]
[SourceVersionDate "2015.10.08"]
[SourceQuality "1"]

1. d4 Nf6 2. c4 c5 3. Nc3 g6 4. d5 d6 5. e4 Bg7 6. f4 e6 7. Nf3 exd5 8. cxd5 0-0 9. Bd3 Re8 10. 0-0 c4 11. Bxc4 Nxe4 12. Nxe4 Rxe4 13. Qc2 Re8 14. Bd2 Qb6+ 15. Kh1 Bf5 16. Bd3 Bxd3 17. Qxd3 Nd7 18. Bc3 Re3 19. Qc4 Bxc3 20. bxc3 Qc5 21. Qxc5 Nxc5 22. Nd4 a6 23. c4 Rae8 24. h3 R8e4 25. Rad1 Ra3 26. Rd2 Rc3 27. Rc2 Rxc2 28. Nxc2 Rxc4 29. Ne3 Ra4 30. f5 b5 31. Ng4 Kg7 32. f6+ Kf8 33. Re1 Re4 34. Rc1 h5 35. Nh2 Rf4 36. Rf1 Rxf1+ 37. Nxf1 Ne4 38. Ne3 Nxf6 39. g4 hxg4 40. hxg4 Ne4 41. Kg2 Nc3 42. a3 Ke7 43. Kf3 Kf6 44. Kf4 g5+ 45. Kf3 Ke5 0-1

[Event "Juiz de Fora op"]
[Site "Juiz de Fora"]
[Date "2015.08.23"]
[Round "5"]
[White "Boabaid, Jorge Alberto Duard"]
[Black "Abreu, Guilherme Correa"]
[Result "0-1"]
[WhiteElo "1904"]
[BlackElo "2085"]
[PlyCount "110"]
[EventDate "2015.08.21"]
[EventType "swiss"]
[EventRounds "6"]
[EventCountry "BRA"]
[SourceTitle "EXT 2016"]
[Source "ChessBase"]
[SourceDate "2015.10.08"]
[SourceVersion "1"]
[SourceVersionDate "2015.10.08"]
[SourceQuality "1"]

1. d4 d5 2. c4 e6 3. Nf3 Nf6 4. Nc3 c6 5. Bg5 Be7 6. e3 h6 7. Bh4 0-0 8. Bd3 Nbd7 9. 0-0 b6 10. Rc1 Bb7 11. Re1 Rc8 12. e4 Nxe4 13. Bxe7 Nxc3 14. Bxd8 Nxd1 15. Be7 Nxb2 16. Bf1 Rfe8 17. Ba3 Nxc4 18. Bxc4 dxc4 19. Rxc4 c5 20. Ne5 Nxe5 21. dxe5 Red8 22. Bc1 Rd3 23. Rg4 Kh7 24. Rf4 Rcd8 25. f3 R8d7 26. Kf2 b5 27. Be3 c4 28. Bxa7 Rd2+ 29. Re2 Rxe2+ 30. Kxe2 Bxf3+ 31. Rxf3 Rxa7 32. a3 Rd7 33. h3 g5 34. g4 Kg7 35. Ke1 Rd5 36. Re3 Kf8 37. Ke2 Ke7 38. Kf3 f5 39. exf6+ Kxf6 40. Rc3 Rd3+ 41. Rxd3 cxd3 42. Ke3 Ke5 43. Kxd3 Kd5 44. Kc3 e5 45. Kb4 e4 46. Kc3 Ke5 47. Kd2 Kd4 48. Ke2 e3 49. Ke1 Kd3 50. Kd1 e2+ 51. Ke1 Kc3 52. Kxe2 Kb3 53. Kd3 Kxa3 54. Kc2 b4 55. Kb1 Kb3 0-1

[Event "Juiz de Fora op"]
[Site "Juiz de Fora"]
[Date "2015.08.22"]
[Round "3"]
[White "Cardoso, Marcio de Lucca"]
[Black "Abreu, Guilherme Correa"]
[Result "0-1"]
[WhiteElo "1813"]
[BlackElo "2085"]
[PlyCount "20"]
[EventDate "2015.08.21"]
[EventType "swiss"]
[EventRounds "6"]
[EventCountry "BRA"]
[SourceTitle "EXT 2016"]
[Source "ChessBase"]
[SourceDate "2015.10.08"]
[SourceVersion "1"]
[SourceVersionDate "2015.10.08"]
[SourceQuality "1"]

1. d4 d5 2. c4 e6 3. Nf3 Nf6 4. Nc3 Be7 5. Bf4 0-0 6. e3 c6 7. Bd3 Nbd7 8. h3 Re8 9. 0-0 Nf8 10. Ne4 Ng6 0-1

[Event "Juiz de Fora op"]
[Site "Juiz de Fora"]
[Date "2015.08.21"]
[Round "1"]
[White "Carvalhido, Haroldo Guimaraes"]
[Black "Abreu, Guilherme Correa"]
[Result "0-1"]
[WhiteElo "1787"]
[BlackElo "2085"]
[PlyCount "80"]
[EventDate "2015.08.21"]
[EventType "swiss"]
[EventRounds "6"]
[EventCountry "BRA"]
[SourceTitle "EXT 2016"]
[Source "ChessBase"]
[SourceDate "2015.10.08"]
[SourceVersion "1"]
[SourceVersionDate "2015.10.08"]
[SourceQuality "1"]

1. e4 c5 2. Bc4 e6 3. Nc3 Nc6 4. Nf3 d6 5. Qe2 Nf6 6. a3 Be7 7. b4 Nd4 8. Nxd4 cxd4 9. Na4 0-0 10. c3 Bd7 11. Nb2 dxc3 12. dxc3 Rc8 13. Bd2 d5 14. e5 Ne4 15. Bd3 Nxd2 16. Qxd2 Bg5 17. f4 Bh6 18. h4 f5 19. h5 a6 20. Rc1 b5 21. Qe3 Be8 22. g3 Rxc3 23. Rxc3 d4 24. Qc1 dxc3 25. Qxc3 Qd5 26. Rh2 Qf3 27. Rh3 Bxf4 28. Qb3 Bxg3+ 29. Rxg3 Qxg3+ 30. Kd2 Bf7 31. Qc3 Bxh5 32. Qc7 Qf2+ 33. Kc3 Qf4 34. Kc2 Qd4 35. Qc5 Qxc5+ 36. bxc5 Rc8 37. Kb3 Rxc5 38. Kb4 Rxe5 39. Bf1 Re1 40. Bg2 Re2 0-1

[Event "Vitoria Cup"]
[Site "Vitoria"]
[Date "2013.06.02"]
[Round "7"]
[White "Abreu, Guilherme Correa"]
[Black "Barata, Adriano Albiani"]
[Result "0-1"]
[WhiteElo "2094"]
[BlackElo "2147"]
[PlyCount "40"]
[EventDate "2013.05.30"]
[EventType "swiss"]
[EventRounds "7"]
[EventCountry "BRA"]
[SourceTitle "CBM 154 Extra"]
[Source "ChessBase"]
[SourceDate "2013.06.25"]
[SourceVersion "2"]
[SourceVersionDate "2013.06.25"]
[SourceQuality "1"]

1. d4 Nf6 2. c4 c5 3. d5 b5 4. cxb5 a6 5. bxa6 Bxa6 6. Nc3 g6 7. g3 d6 8. Bg2 Bg7 9. Nh3 Nbd7 10. 0-0 0-0 11. Qc2 Nb6 12. b3 Nbxd5 13. Nxd5 Nxd5 14. Bg5 Nc3 15. Nf4 h6 16. Bxh6 Nxe2+ 17. Nxe2 Bxh6 18. Bxa8 Qxa8 19. Rab1 Qf3 20. Rfe1 Bb7 0-1

[Event "Vitoria Cup"]
[Site "Vitoria"]
[Date "2013.06.01"]
[Round "5"]
[White "Vieira, Paulo Cesar"]
[Black "Abreu, Guilherme Correa"]
[Result "0-1"]
[WhiteElo "1905"]
[BlackElo "2094"]
[PlyCount "40"]
[EventDate "2013.05.30"]
[EventType "swiss"]
[EventRounds "7"]
[EventCountry "BRA"]
[SourceTitle "CBM 154 Extra"]
[Source "ChessBase"]
[SourceDate "2013.06.25"]
[SourceVersion "2"]
[SourceVersionDate "2013.06.25"]
[SourceQuality "1"]

1. e4 c5 2. Nc3 d6 3. g3 Nf6 4. Bg2 e5 5. d3 Be7 6. Nge2 Be6 7. 0-0 Nc6 8. f4 h6 9. f5 Bd7 10. h3 Nd4 11. Be3 Qa5 12. Qd2 Bc6 13. g4 Rd8 14. Ng3 d5 15. Nxd5 Qxd2 16. Nxf6+ gxf6 17. Bxd2 Nxc2 18. Rac1 Rxd3 19. Rxc2 Rxg3 20. Kh2 Rxg2+ 0-1

[Event "BRA-ch sf-A"]
[Site "Guarapari"]
[Date "2012.11.02"]
[Round "4"]
[White "Abdalla, Luiz Guilherme"]
[Black "Abreu, Guilherme Correa"]
[Result "1-0"]
[WhiteElo "2319"]
[BlackElo "2085"]
[PlyCount "95"]
[EventDate "2012.11.01"]
[EventType "swiss"]
[EventRounds "7"]
[EventCountry "BRA"]
[SourceTitle "EXT 2013"]
[Source "ChessBase"]
[SourceDate "2012.11.22"]
[SourceVersion "1"]
[SourceVersionDate "2012.11.22"]
[SourceQuality "1"]

1. d4 d5 2. c4 e6 3. Nc3 Nf6 4. Nf3 Be7 5. Bf4 c6 6. e3 0-0 7. c5 Nbd7 8. Bd3 b5 9. 0-0 b4 10. Ne2 Ne4 11. h3 f5 12. Qa4 g5 13. Bh2 g4 14. hxg4 fxg4 15. Bxe4 dxe4 16. Nd2 Nxc5 17. dxc5 Qxd2 18. Nd4 Bd7 19. Qb3 Qd3 20. Qxb4 Bh4 21. Qc3 g3 22. Bxg3 Bxg3 23. fxg3 e5 24. Qxd3 exd3 25. Nf3 e4 26. Nd2 Bg4 27. Rf4 Be2 28. Nxe4 Rad8 29. Nd2 Rfe8 30. Kf2 Rd5 31. Rc1 Rde5 32. e4 a5 33. b3 Rb8 34. Rc4 Rb5 35. Rf5 Rxf5+ 36. exf5 Kf7 37. Ke3 Kf6 38. Kf4 h5 39. Ne4+ Ke7 40. Nc3 Rb4 41. Re4+ Kf7 42. Ke5 Rxe4+ 43. Nxe4 Bf1 44. Kd4 Bxg2 45. Kxd3 Bf1+ 46. Kd4 Bg2 47. Ke5 Bf1 48. Ng5+ 1-0

[Event "BRA-ch sf"]
[Site "Vitoria"]
[Date "2003.09.07"]
[Round "6"]
[White "Rohrer, Kurt"]
[Black "Abreu, Guilherme Correa"]
[Result "0-1"]
[WhiteElo "1915"]
[BlackElo "2063"]
[PlyCount "91"]
[EventDate "2003.09.??"]
[EventType "swiss"]
[EventRounds "7"]
[EventCountry "BRA"]
[SourceTitle "EXT 2006"]
[Source "ChessBase"]
[SourceDate "2005.11.24"]
[SourceVersion "1"]
[SourceVersionDate "2005.11.24"]
[SourceQuality "1"]

1. e4 c5 2. Nf3 d6 3. d4 cxd4 4. Nxd4 Nf6 5. Nc3 a6 6. Bg5 e6 7. f4 Be7 8. Qf3 Qc7 9. 0-0-0 Nbd7 10. g4 h6 11. Bxf6 Nxf6 12. h4 b5 13. g5 hxg5 14. hxg5 Rxh1 15. Qxh1 Nd7 16. Qh8+ Nf8 17. Qxg7 b4 18. Nce2 Bb7 19. Ng3 Rc8 20. Bd3 Ng6 21. Nh5 e5 22. Nf5 Nxf4 23. Ne3 Nxd3+ 24. Rxd3 Bxe4 25. Rd2 Qc5 26. Qg8+ Kd7 27. Qxf7 Rf8 28. Nf6+ Kd8 29. Qe6 Bc6 30. Nf5 Qg1+ 31. Rd1 Qxg5+ 32. Kb1 Qxf6 33. Qc4 Qxf5 34. Qxc6 Qf3 35. Qb6+ Ke8 36. Re1 Rf4 37. Qxa6 Rd4 38. Qc8+ Kf7 39. a3 Rd1+ 40. Rxd1 Qxd1+ 41. Ka2 bxa3 42. Qf5+ Bf6 43. Kxa3 Qd4 44. Qh7+ Ke6 45. Qg8+ Kf5 46. Qh7+ 0-1

[Event "BRA-ch sf"]
[Site "Vitoria"]
[Date "2003.09.06"]
[Round "4"]
[White "Abreu, Guilherme Correa"]
[Black "Gomes, Antonio Jose"]
[Result "1-0"]
[WhiteElo "2063"]
[BlackElo "1764"]
[PlyCount "53"]
[EventDate "2003.09.??"]
[EventType "swiss"]
[EventRounds "7"]
[EventCountry "BRA"]
[SourceTitle "EXT 2006"]
[Source "ChessBase"]
[SourceDate "2005.11.24"]
[SourceVersion "1"]
[SourceVersionDate "2005.11.24"]
[SourceQuality "1"]

1. d4 Nf6 2. c4 d6 3. Nc3 Bf5 4. Nf3 e6 5. Bg5 Be7 6. e3 Nbd7 7. Be2 a6 8. 0-0 Ne4 9. Nxe4 Bxe4 10. Bf4 g5 11. Bg3 g4 12. Nd2 Nf6 13. Nxe4 Nxe4 14. Bxg4 Nf6 15. Bf3 h5 16. Bxb7 Rb8 17. Bc6+ Kf8 18. Bh4 Ng4 19. Bxe7+ Qxe7 20. h3 f5 21. Qf3 Rxb2 22. Rab1 Rxb1 23. Rxb1 Kf7 24. e4 Qg5 25. exf5 Rg8 26. fxe6+ Kxe6 27. Bd5+ 1-0

[Event "BRA-ch sf"]
[Site "Vitoria"]
[Date "2003.09.04"]
[Round "1"]
[White "Abreu, Guilherme Correa"]
[Black "Cola, Arthur AV"]
[Result "1-0"]
[WhiteElo "2063"]
[BlackElo "1758"]
[PlyCount "53"]
[EventDate "2003.09.??"]
[EventType "swiss"]
[EventRounds "7"]
[EventCountry "BRA"]
[SourceTitle "EXT 2006"]
[Source "ChessBase"]
[SourceDate "2005.11.24"]
[SourceVersion "1"]
[SourceVersionDate "2005.11.24"]
[SourceQuality "1"]

1. d4 d5 2. c4 c5 3. dxc5 Nd7 4. cxd5 Nxc5 5. Nc3 e5 6. e4 Bd7 7. Nf3 Nf6 8. Bg5 h6 9. Bxf6 gxf6 10. b4 Rc8 11. bxc5 Rxc5 12. Qb3 Bg4 13. Be2 Bh5 14. Bb5+ Ke7 15. d6+ Qxd6 16. Rd1 Qc7 17. Rd7+ Qxd7 18. Bxd7 Kxd7 19. 0-0 Bd6 20. Nd5 Rhc8 21. Nxf6+ Ke7 22. Nxh5 Rc2 23. Qxb7+ Kd8 24. Rd1 R2c6 25. Nxe5 R6c7 26. Rxd6+ Rd7 27. Qxd7# 1-0

[Event "BRA CEAX op 3rd"]
[Site "Vitoria"]
[Date "2003.08.16"]
[Round "4"]
[White "Abreu, Guilherme Correa"]
[Black "Viana, Serlisandro Sampaio"]
[Result "1-0"]
[WhiteElo "2063"]
[BlackElo "1768"]
[PlyCount "79"]
[EventDate "2003.08.??"]
[EventType "swiss"]
[EventRounds "6"]
[EventCountry "BRA"]
[SourceTitle "EXT 2006"]
[Source "ChessBase"]
[SourceDate "2005.11.24"]
[SourceVersion "1"]
[SourceVersionDate "2005.11.24"]
[SourceQuality "1"]

1. d4 Nf6 2. c4 g6 3. Nc3 Bg7 4. e4 d6 5. Nf3 0-0 6. Be2 Nbd7 7. 0-0 e5 8. d5 Nc5 9. Qc2 a5 10. Be3 b6 11. b3 Ng4 12. Bg5 f6 13. Bd2 f5 14. Bg5 Qe8 15. h3 Nh6 16. a3 fxe4 17. Nxe4 Bf5 18. Nfd2 Nxe4 19. Nxe4 Kh8 20. g4 Bd7 21. b4 axb4 22. axb4 Qf7 23. Rxa8 Rxa8 24. f4 exf4 25. Rxf4 Bd4+ 26. Kg2 Qe8 27. Bxh6 Qe5 28. Bg5 Qe8 29. Bf6+ Bxf6 30. Nxf6 Qe5 31. Qd2 g5 32. Qd3 Qe7 33. Rf2 Bc8 34. Qd4 Bb7 35. Bd3 h6 36. Bg6 c5 37. Qb2 Ra4 38. Nh5+ Kg8 39. Bf7+ Kh7 40. Qg7# 1-0

[Event "BRA CEAX op 3rd"]
[Site "Vitoria"]
[Date "2003.08.16"]
[Round "3"]
[White "Knoblauch, Edna MS"]
[Black "Abreu, Guilherme Correa"]
[Result "0-1"]
[WhiteElo "1800"]
[BlackElo "2063"]
[PlyCount "28"]
[EventDate "2003.08.??"]
[EventType "swiss"]
[EventRounds "6"]
[EventCountry "BRA"]
[SourceTitle "EXT 2006"]
[Source "ChessBase"]
[SourceDate "2005.11.24"]
[SourceVersion "1"]
[SourceVersionDate "2005.11.24"]
[SourceQuality "1"]

1. d4 d5 2. c4 e6 3. Nc3 Nf6 4. e3 c6 5. Nf3 Bd6 6. Bd3 Nbd7 7. 0-0 0-0 8. Re1 e5 9. e4 exd4 10. Nxd4 dxc4 11. Bxc4 Ne5 12. Bd3 Bc5 13. Bf4 Bxd4 14. Bxe5 Bxe5 0-1